00401nam a2200133 450000100060000010000400000610100080004610200070005420001270006121000370018821500170022567500130024280100120025546095 a20260508 pory50  apor aPT aSobrevivencia da primitiva Roda de Oleiro em PortugaldPortugalia:materiaes para o estudo do povo portuguezfRocha Peixoto aPortocImprensa Portuguesad1905 ap. 3-7 cil. a738(469) aPTgRPC